| 000 | 00976nam a2200313 i 4500 | ||
|---|---|---|---|
| 001 | 11365 | ||
| 003 | KOSZ 005 | ||
| 005 | 20190916145255.0 | ||
| 008 | 080429s1963 pl a f |000 0 pol | ||
| 015 | _aPB 1963/4746 | ||
| 035 | _a(OCoLC)750477954 | ||
| 040 |
_aWA N _cWA N _dKOSZ 005/EG _dKOSZ 005/HR |
||
| 041 | _apol | ||
| 046 | _k1963 | ||
| 080 | _a620 | ||
| 080 | _a539.4 | ||
| 100 | 1 |
_aNowacki, Witold _d(1911-1986) _eAutor |
|
| 245 | 1 | 0 |
_aTeoria pełzania / _cWitold Nowacki. |
| 260 |
_aWarszawa : _b"Arkady", _c1963. |
||
| 300 |
_a170, [2] s. : _bil. ; _c23 cm. |
||
| 380 | _aKsiążki | ||
| 521 | 8 | _aDla inżynierów i pracowników naukowych. | |
| 650 | 4 | _aWytrzymałość materiałów | |
| 658 | _aFizyka i astronomia | ||
| 658 | _aInżynieria i technika | ||
| 710 | 2 |
_aWydawnictwo Arkady _4pbl. |
|
| 856 |
_uhttp://koha.tu.koszalin.pl/cgi-bin/koha/opac-detail.pl?biblionumber=11365 _yKatalog online BPK |
||
| 942 |
_2UKD _cKS |
||
| 999 |
_c11365 _d11365 |
||